000 00304nam a22001217a 4500
008 160429b xxu||||| |||| 00| 0 eng d
020 _a9780131138698
020 _a0131138693
041 _aeng
080 _a618.2
245 _aLeadership and management in nursing:
_cAnita W. Finkelman;
942 _2udc
_cBK
999 _c1676
_d1676